Central Library OPAC University of Rajshahi

Schaum's outline of theory and problems of statics and mechanics of materials / (Record no. 70764)

MARC details
000 -LEADER
fixed length control field 00868nam a2200253 a 4500
001 - CONTROL NUMBER
control field 70764
003 - CONTROL NUMBER IDENTIFIER
rucl marc code BD-RjUL
005 - DATE AND TIME OF LATEST TRANSACTION
control field 20211209082034.0
008 - FIXED-LENGTH DATA ELEMENTS--GENERAL INFORMATION
fixed length control field 170419s1957 nyua 001 0 eng
035 ## - SYSTEM CONTROL NUMBER
System control number (BD-RjUL)70978
040 ## - CATALOGING SOURCE
Original cataloging agency DLC
Transcribing agency DLC
Modifying agency DLC
Language of cataloging eng
041 ## - LANGUAGE CODE
Language code of text/sound track or separate title eng
082 00 - DEWEY DECIMAL CLASSIFICATION NUMBER
Edition number 23
Classification number 620.112
Author mark and year NAS 1957
100 1# - MAIN ENTRY--PERSONAL NAME
Personal name Nash, William A.
9 (RLIN) 209455
245 10 - TITLE STATEMENT
Title Schaum's outline of theory and problems of statics and mechanics of materials /
Statement of responsibility, etc. William A. Nash.
260 ## - PUBLICATION, DISTRIBUTION, ETC. (IMPRINT)
Place of publication, distribution, etc. New York :
Name of publisher, distributor, etc. Schaum Publishing co.,
Date of publication, distribution, etc. 1957
300 ## - PHYSICAL DESCRIPTION
Pagination 301 p. :
Illustrations ill. ;
Size 28 cm.
500 ## - GENERAL NOTE
General note Includes index.
650 #0 - SUBJECT ADDED ENTRY--TOPICAL TERM
Topical term or geographic name as entry element Statics
General subdivision Problems, exercises, etc.
9 (RLIN) 209456
Topical term or geographic name as entry element Strength of materials
Form subdivision Problems, exercises, etc.
9 (RLIN) 209457
Topical term or geographic name as entry element Statics
General subdivision Outlines, syllabi, etc.
9 (RLIN) 209458
Topical term or geographic name as entry element Strength of materials
General subdivision Outlines, syllabi, etc.
9 (RLIN) 209459
942 ## - ADDED ENTRY ELEMENTS (KOHA)
Source of classification or shelving scheme Dewey Decimal Classification
Koha item type Books
Holdings
Lost status Source of classification or shelving scheme Damaged status Not for loan Collection code Permanent Location Current Location Shelving location Date acquired Source of acquisition Cost, normal purchase price Total Checkouts Full call number Date last seen Copy number Koha item type
  Dewey Decimal Classification   Not For Loan Non-fiction Central Library, University of Rajshahi Central Library, University of Rajshahi Reading Room 10/08/1964 Zeithinger 26.00   620.112 NAS 1957 19/04/2017 C-1 Books